00477nam a2200205Ia 4500003000900000005001700009008004100026040001300067040001300080041000800093100001700101245007100118250001000189260001200199260000900211300001100220300001200231490002200243490000600265IT-RoPAU20220918175744.0120407s9999 xx 000 0 und d aIT-RoPAU cIT-RoPAU afra aGilles Gaide aJerusalem, voici ton roi. (Commentaire de Zacharie, 9-14 Italiano) aParis aDu Cerf c1968 a202 p. c21,5 cm aLectio divina, 49 v1